000 00464nam a2200157Ia 4500
999 _c12850
_d12850
003 OSt
005 20201005120442.0
008 190216s9999||||xx |||||||||||||| ||und||
040 _coclc
082 _a853.91
_bGUA/D
100 _aGuareschi, Giovanni
_94820
245 0 _aDon Camillo And The Devil /
_cGiovanni Guareschi
260 _bPenguin Books,
_c1967.
_aNew zealand:
300 _a176p
942 _cBK
_2ddc
_h853.91
_iGUA/D
_k853.91
_mGUA/D